| 000 | 00839nam a22002657a 4500 | ||
|---|---|---|---|
| 001 | 9749 | ||
| 003 | FISKH | ||
| 005 | 20260204154826.0 | ||
| 008 | 260204b cb ||||| |||| 00| 0 eng d | ||
| 020 | _a9559831379546 | ||
| 040 |
_aFISKH _beng _cFISKH _dFISKH |
||
| 082 | _a372 | ||
| 100 | _aClare , Geraldine St. | ||
| 245 |
_aNight bug-busters / _cBy Geraldine St.Clare |
||
| 260 |
_aRCDS Sdn . Bhd . : _bSeberang Prai Tengah , _c2001. |
||
| 300 |
_a16 pages : _bcolor illustrations ; _c20 cm . |
||
| 490 | _aBookworm Buddies | ||
| 505 | _aG | ||
| 520 | _aThis book introduces young children to the very important and urgent issue of the environmental conservation. | ||
| 521 | 8 |
_a380
_bLexile estimate |
|
| 521 | 8 |
_aG
_bRaz-Plus |
|
| 700 |
_aMatthew , C. _eIllustrator |
||
| 942 |
_2ddc _cBK _n0 |
||
| 999 |
_c9749 _d9749 |
||